Statistics for NBA Dunk Contest Winners

Click here to take the quiz!

General Stats

  • This quiz has been taken 3,594 times
  • The average score is 12 of 27

Answer Stats

HintAnswer% Correct
1987Michael Jordan
92%
1988Michael Jordan
92%
2010Nate Robinson
75%
2009Nate Robinson
75%
2006Nate Robinson
75%
2008Dwight Howard
74%
2000Vince Carter
74%
1990Dominique Wilkins
66%
1985Dominique Wilkins
66%
1997Kobe Bryant
62%
1986Anthony "Spud" Webb
56%
2011Blake Griffin
55%
2003Jason Richardson
39%
2002Jason Richardson
39%
2007Gerald Green
34%
2005Josh Smith
26%
2012Jeremy Evans
24%
1984Larry Nance
21%
1996Brent Barry
20%
1991Dee Brown
16%
1993Harold Miner
16%
1995Harold Miner
16%
2001Desmond Mason
14%
2004Fred Jones
14%
1994Isaiah Rider
14%
1992Cedric Ceballos
11%
1989Kenny Walker
11%

Score Distribution

Percentile by Number Answered

Percent of People with Each Score

Your Score History

You have not taken this quiz